000 00391nam a22001217a 4500
008 230612b xxu||||| |||| 00| 0 eng d
082 _a354.676
_bGOK
100 _cGOK
245 _a2010/2011 Estimates of Recurrent Expenditure of the GOK for the Year Ending 30th June, 2011
_bVolume 2
_cVotes D21-D60
_hJune 2010
260 _aNairobi, Kenya
_bGOK
_cJune 2010
300 _a888p
942 _2ddc
_cBK
999 _c1102
_d1102